| 000 | 00503nam a2200169 i 4500 | ||
|---|---|---|---|
| 001 | 33489 | ||
| 003 | ES-MaACL | ||
| 005 | 20251120142553.0 | ||
| 007 | t| | ||
| 008 | 030202s1973 sp ||||1| spa d | ||
| 245 | 0 | 0 |
_aBiopsicología y sociología del párvulo / _cJuan Bosch Marín... [et al.]. |
| 260 |
_a[Madrid : _bEscuela Española, _c1973] |
||
| 300 |
_a360 p. ; _c19 cm. |
||
| 700 | 1 |
_aBosch Marín, Juan, _d1902-1995 _930660 |
|
| 852 |
_aES-MaACL _jC-50802 _bR.85038 |
||
| 999 |
_c33489 _d33489 |
||